Zuo tong bu shi /
Saved in:
| Main Author: | |
|---|---|
| Corporate Author: | |
| Format: | Book |
| Language: | Chinese |
| Published: |
[Jiangyin] :
Nan jing shu yuan,
Guangxu 14 [1888]
|
| Series: | Huang Qing jing jie xu bian ;
63-71. |
| Subjects: | |
| Tags: |
Add Tag
No Tags, Be the first to tag this record!
|
| LEADER | 01104cam a2200313ua 4500 | ||
|---|---|---|---|
| 001 | 007740166-2 | ||
| 005 | 20024617111505.0 | ||
| 008 | 960619s1888 cc 000 0 chi d | ||
| 035 | 0 | |a ocn977245020 | |
| 035 | 0 | |a ocm35186201 | |
| 040 | |a CaBVaU |c CaBVaU |d OCoLC |d *YNH* |d CStRLIN | ||
| 100 | 1 | |6 880-01 |a Liang, Lüsheng, |d 1748-1793. | |
| 245 | 1 | 0 | |6 880-02 |a Zuo tong bu shi / |c Liang Lüsheng. |
| 260 | |6 880-03 |a [Jiangyin] : |b Nan jing shu yuan, |c Guangxu 14 [1888] | ||
| 300 | |a 9 v. | ||
| 490 | 1 | |6 880-04 |a Huang Qing jing jie xu bian ; |v 63-71 | |
| 500 | |a Block print. | ||
| 500 | |a Double leaves, oriental style, in case. | ||
| 600 | 1 | 0 | |6 880-05 |a Zuoqiu, Ming. |t Zuo zhuan. |
| 710 | 2 | |a Puban Collection. | |
| 880 | 1 | |6 100-01 |a 梁履繩, |d 1748-1793. | |
| 880 | 1 | 0 | |6 245-02 |a 左通補釋 / |c 梁履繩. |
| 880 | |6 260-03 |a [江陰] : |b 南菁書院, |c 光緖14 [1888] | ||
| 880 | 1 | |6 490-04 |a 皇清經解續編 ; |v 63-71 | |
| 880 | 1 | 0 | |6 600-05 |a 左丘明. |t 左傳. |
| 830 | 0 | |6 880-54 |a Huang Qing jing jie xu bian ; |v 63-71. | |
| 880 | 0 | |6 830-54 |a 皇清經解續編 ; |v 63-71. | |
| 988 | |a 20021109 | ||
| 906 | |0 OCLC | ||


